000 00263nam a2200121Ia 4500
100 _aSABADE/ B.R.
942 _cBK
366 _f50
245 _aSHANTANURAO KIRLOSKAR
260 _bRAJYA MARATHI VIKAS SANSTHA
_aMumbai
_c2003
300 _a149
546 _aMARATHI
999 _c21379
_d21379